| 000 | 00392 a2200109 4500 | ||
|---|---|---|---|
| 001 | ART_23161 | ||
| 005 | 20260410161929.0 | ||
| 008 | 260409a | ||
| 245 | 1 | 0 | _aLa raíz metafísica de toda crisis humana |
| 100 | 1 | _aLetizia, Francisco | |
| 773 | 0 |
_tRevista de la Facultad de Ciencias Económicas de la Universidad de Cuyo _g- Año XXXIII, Nº 83 (ene./jun. 1981) _wREV22981 |
|
| 999 |
_c28431 _d28431 |
||